• 首页
  • 本馆介绍
  • 公告通知
  • 最新文献
  • 馆藏检索
  • 电子资源
  • 读者导购
  • 参考咨询
  • 我的图书馆
  • 登录
  • 详细信息显示
  • 放入我的书架
  • 预约/预借图书
  • 作者相关作品
  • 分类相关作品
  • 丛书相关作品
  • 出版社相关作品

书目信息

  • 表格格式
  • 工作单格式
  • 卡片格式
题名:
我们和你们
    
 
作者: 陆树林 主编 ;王达 , 王壹晨 , 陈柏荣 译
分册:   中国和巴基斯坦的故事
出版信息: 北京   五洲传播出版社  2015
页数: 274页
开本: 23cm
丛书名:
单 册:
中图分类: D822.235.3-49 , D822.235
科图分类:
主题词: 中国巴基斯坦关系--友好往来--通俗读物--英文
电子资源:
ISBN: 978-7-5085-2908-0
000 01083nam0 2200289 450
001 6044
005 20180530112523.59
010    @a978-7-5085-2908-0@dCNY98.00
100    @a20151126d2015 em y0chiy0110 ea
101 1  @aeng@cchi@gchi
102    @aCN@b110000
105    @aa z 000yy
200 1  @a我们和你们@9wo men he ni men@i中国和巴基斯坦的故事@dYou and us@iStories to China and Pakistan@f陆树林主编@g王达,王壹晨,陈柏荣译@zeng
210    @a北京@c五洲传播出版社@d2015
215    @a274页@c照片@d23cm
304    @a本书200字段信息取自版权页
330    @a本书文章的作者们通过自己的亲身经历,从不同角度回顾了自己和巴基斯坦各界民众的真挚友谊,讲述了中巴两国和两国人民的不解之缘。
510 1  @aYou and us@iStories to China and Pakistan@zeng
606 0  @a中国巴基斯坦关系@x友好往来@j通俗读物@j英文
690    @aD822.235.3-49@v5
690    @aD822.235@v4
701  0 @a陆树林@9lu shu lin@4主编
702  0 @a王达@9wang da@4译
702  0 @a王壹晨@9wang yi chen@4译
702  0 @a陈柏荣@9chen bai rong@4译
801  0 @aCN@b91MARC@c20151126
905    @aMuseLib@dD822.235@e191
    
    我们和你们.中国和巴基斯坦的故事=You and us.Stories to China and Pakistan/陆树林主编/王达,王壹晨,陈柏荣译.-北京:五洲传播出版社,2015
    274页:照片;23cm
    
    
    ISBN 978-7-5085-2908-0:CNY98.00
    本书文章的作者们通过自己的亲身经历,从不同角度回顾了自己和巴基斯坦各界民众的真挚友谊,讲述了中巴两国和两国人民的不解之缘。
●
相关链接 在E读中查询图书 在五车中查询图书 在当当中查询图书 在豆瓣中查询图书


正题名:我们和你们     索取号:D822.235/191         预约/预借

序号 登录号 条形码 馆藏地/架位号 状态 备注
1 1115811   211158110   第一样本阅览室/ [索取号:D822.235/191] 在馆    
2 1115812   211158129   教育系资料室/ [索取号:D822.235/191] 在馆    
唐山师范学院图书馆 欢迎您!
大连网信软件有限公司© 版权所有